Wales County Quiz - Statistics

General Stats
  • This quiz has been taken 25 times
  • The average score is 16 of 22
Answers on the Map
Answers color-coded by a green-red scale on the quiz's map according to % correct below.
 
Answer Stats
County % Correct
Cardiff
100%
Anglesey
94%
Monmouthshire
88%
Newport
88%
Pembrokeshire
88%
Powys
88%
Swansea
88%
Ceredigion
82%
Wrexham
82%
Carmarthenshire
76%
Neath
76%
Caerphilly
71%
Flintshire
65%
Blaenau
59%
Bridgend
59%
Conwy
59%
Denbighshire
59%
Glamorgan
59%
Merthyr
59%
Rhondda
59%
Gwynedd
53%
Torfaen
47%
No matching quizzes found
Score Distribution
Percent of People with Each Score
Percentile by Number Answered
Your Score History
You have not taken this quiz